Joueuses de Metz Handball - Statistiques

Statistiques générales
  • Ce quiz a été pris 185 fois
  • Le résultat moyen est 10 sur 20
Statistiques - réponses
Par images Réponse % Correct
Chloé Valentini
87%
Sarah Bouktit
87%
Tamara Horacek
81%
Laura Glauser
76%
Grace Zaadi
74%
Hatadou Sako
71%
Orlane Kanor
70%
Allison Pineau
68%
Camille Depuiset
63%
Amandine Leynaud
53%
Méline Nocandy
53%
Bruna de Paula
52%
Ana Gros
43%
Kristina Jorgensen
42%
Louise Burgaard
28%
Nina Kanto
28%
Astride N'Gouan
22%
Debbie Bont
18%
Yvette Broch
9%
Paule Baudouin
8%
Aucun quiz correspondant
Distribution des résultats
% des personnes avec chaque résultat
Percentile par nombre de réponses
Votre historique - résultats
Vous n’avez pas pris ce quiz